Encyclopedia of the peoples of Africa and the Middle East / (Record no. 120333)
[ view plain ]
| 000 -LEADER | |
|---|---|
| fixed length control field | 01468cam a22004094a 4500 |
| 001 - CONTROL NUMBER | |
| control field | 7250268 |
| 003 - CONTROL NUMBER IDENTIFIER | |
| control field | ARRUPE |
| 005 - DATE AND TIME OF LATEST TRANSACTION | |
| control field | 20140328144845.0 |
| 008 - FIXED-LENGTH DATA ELEMENTS--GENERAL INFORMATION | |
| fixed length control field | 080919s2009 nyuab be 001 0 eng |
| 010 ## - LIBRARY OF CONGRESS CONTROL NUMBER | |
| LC control number | 2008041256 |
| 020 ## - INTERNATIONAL STANDARD BOOK NUMBER | |
| International Standard Book Number | 9780816071586 |
| 020 ## - INTERNATIONAL STANDARD BOOK NUMBER | |
| International Standard Book Number | 0816071586 |
| 024 ## - OTHER STANDARD IDENTIFIER | |
| Standard number or code | 40016929476 |
| 035 ## - SYSTEM CONTROL NUMBER | |
| System control number | (OCoLC)ocn166382606 |
| 035 ## - SYSTEM CONTROL NUMBER | |
| System control number | (NNC)7250268 |
| 035 ## - SYSTEM CONTROL NUMBER | |
| System control number | (OCoLC)166382606 |
| 040 ## - CATALOGING SOURCE | |
| Original cataloging agency | DLC |
| Transcribing agency | DLC |
| Modifying agency | BTCTA |
| -- | YDXCP |
| -- | BAKER |
| -- | UKM |
| -- | C#P |
| 043 ## - GEOGRAPHIC AREA CODE | |
| Geographic area code | f------ |
| -- | aw----- |
| 050 00 - LIBRARY OF CONGRESS CALL NUMBER | |
| Classification number | REF GN645 |
| Item number | .E53 2009 |
| 082 00 - DEWEY DECIMAL CLASSIFICATION NUMBER | |
| Classification number | 305.800956 |
| Edition number | 22 |
| 300 ## - PHYSICAL DESCRIPTION | |
| Other physical details | ill., maps ; |
| Dimensions | 29 cm. |
| 100 ## - MAIN ENTRY--PERSONAL NAME | |
| Personal name | Stokes, Jamie. |
| 9 (RLIN) | 9630 |
| 245 00 - TITLE STATEMENT | |
| Title | Encyclopedia of the peoples of Africa and the Middle East / |
| Statement of responsibility, etc | Jamie Stokes, editor ; Anthony Gorman and Andrew Newman, historical consultants. |
| 260 ## - PUBLICATION, DISTRIBUTION, ETC. (IMPRINT) | |
| Place of publication, distribution, etc | New York : |
| Name of publisher, distributor, etc | Facts On File, |
| Date of publication, distribution, etc | c2009. |
| 300 ## - PHYSICAL DESCRIPTION | |
| Extent | 2 v. (xvi, 852 p.) : |
| 490 1# - SERIES STATEMENT | |
| Series statement | Facts on File library of world history |
| 504 ## - BIBLIOGRAPHY, ETC. NOTE | |
| Bibliography, etc | Includes bibliographical references and index. |
| 505 0# - FORMATTED CONTENTS NOTE | |
| Formatted contents note | v. 1. A to K -- v. 2. L to Z. |
| 650 #0 - SUBJECT ADDED ENTRY--TOPICAL TERM | |
| Topical term or geographic name as entry element | Ethnology |
| Geographic subdivision | Africa |
| Form subdivision | Encyclopedias. |
| 9 (RLIN) | 9631 |
| 650 #0 - SUBJECT ADDED ENTRY--TOPICAL TERM | |
| Topical term or geographic name as entry element | Ethnology |
| Geographic subdivision | Middle East |
| Form subdivision | Encyclopedias. |
| 9 (RLIN) | 9632 |
| 651 #0 - SUBJECT ADDED ENTRY--GEOGRAPHIC NAME | |
| Geographic name | Africa |
| General subdivision | Social life and customs |
| Form subdivision | Encyclopedias. |
| 9 (RLIN) | 9633 |
| 651 #0 - SUBJECT ADDED ENTRY--GEOGRAPHIC NAME | |
| Geographic name | Middle East |
| General subdivision | Social life and customs |
| Form subdivision | Encyclopedias. |
| 9 (RLIN) | 9634 |
| 700 1# - ADDED ENTRY--PERSONAL NAME | |
| Personal name | Stokes, Jamie. |
| 9 (RLIN) | 9635 |
| 830 #0 - SERIES ADDED ENTRY--UNIFORM TITLE | |
| Uniform title | Facts on File library of world history. |
| 9 (RLIN) | 9636 |
| 942 ## - ADDED ENTRY ELEMENTS (KOHA) | |
| Source of classification or shelving scheme | Library of Congress Classification |
| Koha item type | Monograph ( Printed materials) |
| 948 1# - LOCAL PROCESSING INFORMATION (OCLC); SERIES PART DESIGNATOR (RLIN) | |
| Series part designator, SPT (RLIN) | 20090831 |
| b (OCLC) | c |
| c (OCLC) | ink2 |
| d (OCLC) | MPS |
| Withdrawn status | Lost status | Source of classification or shelving scheme | Damaged status | Not for loan | Collection code | Home library | Current library | Shelving location | Date acquired | Total Checkouts | Full call number | Barcode | Date last seen | Copy number | Price effective from | Koha item type |
|---|---|---|---|---|---|---|---|---|---|---|---|---|---|---|---|---|
| Library of Congress Classification | REFERENCE | ARRUPE LIBRARY | ARRUPE LIBRARY | Main Collection | 28/03/2014 | REF GN645 .E53 2009 | 46500002070 | 28/03/2014 | VOL. 1 | 28/03/2014 | Monograph ( Printed materials) | |||||
| Library of Congress Classification | REFERENCE | ARRUPE LIBRARY | ARRUPE LIBRARY | Main Collection | 28/03/2014 | REF GN645 .E53 2009 | 46500002071 | 28/03/2014 | VOL. 2 | 28/03/2014 | Monograph ( Printed materials) |